000 00959nam0a22003011 4500
001 2579446
005 20250622230501.0
021 _aRU
_b78-35773
035 _a(NLR Aleph) 006462419
090 _a5850100
_c5850100
100 _a20110316d1978 |||y0rusy50 ca
101 1 _arus
_aeng
_crus
_geng
102 _aRU
105 _aa z |||||
200 1 _aElastic-plastic fracture mechanics
_fV.Z. Parton and E.M. Morozov
_gTransl. from the Russian
205 _aRev. from the 1974 Russian ed.
210 _aMoscow
_cMir
_d1978
215 _a427 с.
_cил.
_d21
320 _aБиблиогр.: с. 409-427
686 _aВ251.27,07
_2rubbk
700 1 _aПартон
_bВ.З.
_f1936-2001
_gВладимир Залманович
701 1 _aМорозов
_bЕ.М.
_gЕвгений Михайлович
801 0 _aRU
_bNLR
_gpsbo
801 1 _aRU
_bELAR
_2rusmarc
852 _aNLR
_jDesideratum
899 _aRuMoRGB
_jИн 78-2/138
942 _cBOOK
980 _aNB